Ανάπτυξη και αξιολόγηση σεναρίων ολοκληρωμένης διαχείρισης της παράκτιας ζώνης του κόλπου Καλλονής της νήσου Λέσβου : διατριβή εξειδίκευσης
Αποθηκεύτηκε σε:
| Κύριος συγγραφέας: | |
|---|---|
| Συγγραφή απο Οργανισμό/Αρχή: | |
| Άλλοι συγγραφείς: | |
| Μορφή: | Thesis Βιβλίο |
| Γλώσσα: | Greek |
| Δημοσίευση: |
2007
|
| Θέματα: | |
| Διαθέσιμο Online: | http://hdl.handle.net/11610/11588 |
| Ετικέτες: |
Προσθήκη ετικέτας
Δεν υπάρχουν, Καταχωρήστε ετικέτα πρώτοι!
|
MARC
| LEADER | 00000cam a2200000 i 4500 | ||
|---|---|---|---|
| 001 | 1/106116 | ||
| 008 | 090615s2007 gre d | ||
| 035 | |l 10105083 | ||
| 040 | |a GR-MY-UA |b gre |e aacr | ||
| 041 | 0 | |a gre | |
| 082 | 0 | |a 333.7 |2 (22) | |
| 100 | 1 | |a Βουλέ-Ραλλίδη, Μαρία. | |
| 245 | 1 | 0 | |a Ανάπτυξη και αξιολόγηση σεναρίων ολοκληρωμένης διαχείρισης της παράκτιας ζώνης του κόλπου Καλλονής της νήσου Λέσβου : |b διατριβή εξειδίκευσης / |c Μαρία Βουλέ-Ραλλίδη ; επιβλέπων: Τσιρτσής Γεώργιος |
| 260 | |c 2007 | ||
| 300 | |a 166 σ.; |b εικ., πιν., διαγρ.; |c 30 εκ. | ||
| 502 | |a Διατριβή (μεταπτυχιακή) – Πανεπιστήμιο Αιγαίου, Λέσβος, 2007. | ||
| 504 | |a Βιβλιογραφία: σ. 147-156 | ||
| 650 | 0 | 0 | |a Coastal zone management |z Greece |z Kallone (Lesbos Island) |
| 650 | 0 | 0 | |a Sustainable development |z Greece |z Kallone (Lesbos Island) |
| 650 | 0 | 0 | |a Environmental management |z Greece |z Kallone (Lesbos Island) |
| 650 | 0 | 0 | |a Wetland management |z Greece |z Kallone (Lesbos Island) |
| 650 | 0 | 0 | |a Dissertations, Academic |z Greece. |
| 651 | 0 | |a Kallone (Lesbos Island, Greece) |x Environmental conditions. | |
| 700 | 1 | |a Τσιρτσής, Γεώργιος Ε. |4 ths | |
| 710 | 2 | |a Πανεπιστήμιο Αιγαίου |b Σχολή Περιβάλλοντος |b Τμήμα Επιστημών της Θάλασσας |b Πρόγραμμα Μεταπτυχιακών Σπουδών Διαχείριση Παράκτιων Περιοχών. | |
| 852 | |a INST |b LESVOS |c DIATR |e 20090615 |h 105 |p 005100045574 |q 005100045574 |t MTXE |y 23 | ||
| 852 | |a INST |b LESVOS |c DIATR |e 20090615 |h 106 |p 005100045575 |q 005100045575 |t MTXE |y 23 | ||
| 856 | |u http://hdl.handle.net/11610/11588 | ||
| 901 | |a BIBL1-2009-2 | ||
| 909 | |a Λ |b 140964 | ||
| 909 | |a Λ |b 140963 | ||
| 924 | |a ΒΟΥΛΕ-ΡΑΛΛΙΔΗ |b ΜΑΡΙΑ |y ΛΕΣΒΟΣ |z 2007-11 | ||
| 970 | |a ΤΖΑΦΕΡΗ |b ΕΥΑΓΓΕΛΙΑ |z 2009/06/15 | ||